| 000 | 00849nam a2200229 i 4500 | ||
|---|---|---|---|
| 005 | 20160217182958.0 | ||
| 008 | 130709b2005 ck ||||| |||| 00| 0 spa d | ||
| 040 |
_aCO-BoIAVH _cCO-BoIAVH |
||
| 041 | _aspa | ||
| 044 | _ack | ||
| 082 | 0 | 4 |
_a638.1 _bG64a |
| 100 | 1 | _aGonzález, Victor H. | |
| 245 | 1 | 0 |
_aAbejas altoandinas de Colombia : _bguía de campo / _cVíctor H. González, Mónica Ospina y Daniel J. Bennet. |
| 260 |
_aBogotá : _bInstituto Alexander von Humboldt, _c2005. |
||
| 300 |
_a80 páginas : _bilustraciones ; _c18 cm. |
||
| 504 | _aIncluye referencias bibliográficas. | ||
| 650 | 4 |
_aApicultuira _z Andes (Región, Colombia) |
|
| 650 | 4 |
_aAbejas _x Hábitos y cultura _z Andes (Región, Colombia) |
|
| 700 | 1 |
_aOspina, Monica, _eautora. |
|
| 700 | 1 |
_aBennett, Daniel J. _eautor. |
|
| 942 |
_cLIBRO _2ddc |
||
| 999 |
_c4980 _d4980 |
||